| 000 | 00353nam a22001577a 4500 | ||
|---|---|---|---|
| 003 | SGT | ||
| 020 | _a978-1-931884-84-6 | ||
| 082 | _a618.92, D12D | ||
| 100 | _aDONNELLY, LANE F. | ||
| 245 | _aDIAGNOSTIC IMAGING PEDIATRICS | ||
| 250 | _a2ND | ||
| 260 |
_aCANADA _bAMIRSYS. PUB. _c2012 |
||
| 300 | _a983 | ||
| 650 | _aPEDIATRICS | ||
| 942 |
_2ddc _cBK |
||
| 999 |
_c8420 _d8420 |
||